| 000 | 00517nam a2200157 4500 | ||
|---|---|---|---|
| 001 | 136640 | ||
| 003 | ES-MaACL | ||
| 005 | 20230906195204.0 | ||
| 007 | t| | ||
| 008 | 070214s1946 sp r ||||1| spa d | ||
| 100 | 1 |
_aRuy-Vélez. _9101084 |
|
| 245 | 1 | 3 |
_aEl Castillo de Piera y los palacios de Barcelona del Real Patrimonio de la Corona de Aragón / _cRuy-Vélez. |
| 260 |
_aBarcelona : _b[s. n.], _c1946 ( _eIgualada : _fPedro Bas) |
||
| 300 |
_a100 p., 6 lám. ; _c23 cm. |
||
| 852 |
_aES-MaACL _j1862-F-11 _bR.22925 |
||
| 999 |
_c136640 _d136640 |
||